000 00568nam a2200229Ia 4500
003 OSt
005 20221005132811.0
006 a|||||r|||| 00| 0
007 ta
008 221004b |||||||| |||| 00| 0 tam d
024 _a47035
037 _cTextual
040 _aCRL
_cCRL
_btam
041 _2tam
_atam
082 _aLBx1, 31G6
100 _aAgasthyar Au.
_9627656
245 0 _aVaidhya thaila muraigal
260 _c1936
650 _aNATUROPATHY
_9588047
942 _hLBx1, 31G6
_cTEXL
_2cc
999 _c1064849
_d1064849